| 000 | 00539nam a22001817a 4500 | ||
|---|---|---|---|
| 005 | 20141119154454.0 | ||
| 008 | 141119b xxu||||| |||| 00| 0 eng d | ||
| 020 | _a9781418055394 | ||
| 050 |
_aRS 122.95 _b.L363 2008 |
||
| 100 | _aLambert, Anita A. | ||
| 245 |
_aAdvanced pharmacy practice for technicians / _cAnita A. Lambert. |
||
| 250 | _a2nd ed. | ||
| 260 |
_aNew York : _bDelmar Learning, _cc2008. |
||
| 300 |
_a354 pages : _bcolored illustrations ; _c26 cm. |
||
| 521 | _aPharmacy | ||
| 650 | _aPharmacy. | ||
| 942 |
_2lcc _cBK _kFOR |
||
| 999 |
_c276830 _d276830 |
||